Estadísticas para Países más Visitados por los Suecos

Haz click aquí para intentar la prueba.

Estadísticas generales

  • Esta prueba ha sido intentada 1.530 veces
  • La puntuación promedio es 10 de 12

Estadísticas de respuestas

# de viajesPaís% Correcto
2,040,000España
99%
578,000Francia
97%
596,000Italia
97%
916,000Noruega
97%
792,000Alemania
96%
534,000Estados Unidos
96%
1,140,000Finlandia
95%
1,180,000Dinamarca
93%
831,000Reino Unido
93%
626,000Grecia
81%
728,000Turquía
61%
344,000Tailandia
28%

Distribución de puntuación

Porcentaje por número respondido

Porcentaje de gente con cada puntuación

Historial de tus puntuaciones

No has intentado esta prueba.